|
|
|
|
| LEADER |
00000nab a2200000 a 4500 |
| 001 |
vtls009148447 |
| 003 |
SK-MaSNL |
| 005 |
20260305032205.0 |
| 008 |
250506c2007 xo |||||||||||000 b|slo |
| 015 |
|
|
|a SNBRB2007/10
|2 snkbucl
|
| 035 |
|
|
|a (uuid)f158a06b-3174-423f-946f-c2fd24eb0f40
|
| 035 |
|
|
|a urn:nbn:sk:snk-ab1vmb
|
| 035 |
|
|
|a (urnnbn)urn:nbn:sk:snk:ar-a012d8
|
| 038 |
|
|
|a SNKBUCL
|
| 040 |
|
|
|a SNKBUCL
|b slo
|c SNKBUCL
|e AACR2
|
| 041 |
0 |
|
|a slo
|
| 044 |
|
|
|a xo
|c SK
|
| 080 |
|
|
|a 631.115.1
|x (437.6)
|2 1997
|
| 100 |
1 |
|
|a Kukučka, Marián
|4 aut
|9 267563
|
| 245 |
1 |
0 |
|a Za úspechom sa skrýva tvrdá práca a odriekanie
|b rodina súkromne hospodáriaceho roľníka Ľudovíta Tomana ...
|c Marián Kukučka
|
| 300 |
|
|
|b Fotogr.
|
| 650 |
0 |
7 |
|a súkromní poľnohospodári
|2 snkbucl
|9 1100732
|
| 651 |
|
7 |
|a Čeľadice (Slovensko)
|2 snkbucl
|9 98027
|
| 651 |
|
7 |
|a Nitra (Slovensko : okres)
|2 snkbucl
|9 24094
|
| 655 |
|
7 |
|a reportáže
|2 snkbucl
|9 28856
|
| 773 |
0 |
|
|t Moderná mechanizácia v poľnohospodárstve
|g Roč. X, č. 8 (2007), s. 14-15
|x 1335-6178
|
| 850 |
|
|
|a Slovenská národná knižnica
|
| 852 |
|
|
|a Slovenská národná knižnica
|
| 954 |
|
|
|a odborná, vedecká literatúra pôvodná (slovenská)
|2 lita
|
| 958 |
|
|
|a article27
|
| 958 |
|
|
|a SK
|
| 958 |
|
|
|a OND
|
| 958 |
|
|
|a EUIPO
|
| 999 |
|
|
|c 3319039
|d 3320969
|